Загадка проекта "U-209"
| 第一著者: | |
|---|---|
| 要約: | Исключено из фонда НТБ ТПУ |
| 言語: | ロシア語 |
| 出版事項: |
Москва, Советская Россия, 1988
|
| シリーズ: | По ту сторону |
| フォーマット: | 図書 |
| KOHA link: | https://koha.lib.tpu.ru/cgi-bin/koha/opac-detail.pl?biblionumber=259952 |
MARC
| LEADER | 00000nam0a2200000 4500 | ||
|---|---|---|---|
| 001 | 259952 | ||
| 005 | 20231031220916.0 | ||
| 010 | |a 5268007955 | ||
| 035 | |a (RuTPU)RU\TPU\book\282898 | ||
| 090 | |a 259952 | ||
| 100 | |a 20140513d1988 k y0rusy50 ca | ||
| 101 | 0 | |a rus | |
| 102 | |a RU | ||
| 105 | |a y z 000zy | ||
| 200 | 1 | |a Загадка проекта "U-209" |f Б. Р. Асоян | |
| 210 | |a Москва |c Советская Россия |d 1988 | ||
| 215 | |a 128 с. | ||
| 225 | 1 | |a По ту сторону | |
| 333 | |a Исключено из фонда НТБ ТПУ | ||
| 700 | 1 | |a Асоян |b Б. Р. |g Борис Рубенович | |
| 801 | 1 | |a RU |b 63413507 |c 20140513 | |
| 801 | 2 | |a RU |b 63413507 |c 20161130 |g RCR | |
| 942 | |c BK | ||